[Event "Brno Trade op-A 37th"]
[Site "Brno"]
[Date "2012.08.29"]
[Round "5"]
[White "Kantorik, Marian"]
[Black "Pekar, Vaclav"]
[Result "1-0"]
[WhiteElo "2308"]
[BlackElo "2179"]
[PlyCount "41"]
[EventDate "2012.08.26"]
[EventType "swiss"]
[EventRounds "9"]
[EventCountry "CZE"]
[SourceTitle "CBM 150 Extra"]
[Source "ChessBase"]
[SourceDate "2012.10.19"]
[SourceVersion "1"]
[SourceVersionDate "2012.10.19"]
[SourceQuality "1"]

1. Nf3 e6 2. c4 f5 3. Nc3 Nf6 4. g3 Be7 5. Bg2 0-0 6. 0-0 d6 7. d4 Ne4 8. Qc2 Nxc3 9. Qxc3 a5 10. b3 Nc6 11. Bb2 Bf6 12. Rad1 Qe8 13. Qc2 e5 14. e3 Qh5 15. Bc3 f4 16. dxe5 dxe5 17. exf4 Bg4 18. fxe5 Bxe5 19. Nxe5 Nxe5 20. Rd5 Rf5 21. f3 1-0